Cuadernos Americanos : nueva época, año IV, volumen 2, número 20, marzo-abril 1990 /
Salvato in:
| Altri autori: | |
|---|---|
| Natura: | Libro |
| Lingua: | spagnolo |
| Pubblicazione: |
México :
UNAM,
1990
|
| Tags: |
Nessun Tag, puoi essere il primo ad aggiungerne!!
|
MARC
| LEADER | 00000nam^a2200000^a^4500 | ||
|---|---|---|---|
| 001 | 000432802 | ||
| 005 | 20250526000000.0 | ||
| 009 | 20260310123023.576 | ||
| 022 | |a 0185-156X | ||
| 037 | |a Acervo ITESO - Biblioteca | ||
| 041 | |a ESP | ||
| 091 | |a FHM. 06170 | ||
| 245 | 0 | 0 | |a Cuadernos Americanos : |b nueva época, año IV, volumen 2, número 20, marzo-abril 1990 / |
| 264 | 1 | |a México : |b UNAM, |c 1990 | |
| 300 | |a 256 p. ; |c 23.5 cm. | ||
| 336 | |a texto |b txt |2 rdacontenido | ||
| 337 | |a sin mediación |b n |2 rdamedio | ||
| 338 | |a volumen |b nc |2 rdasoporte | ||
| 649 | |a XX | ||
| 700 | |a Zea, Leopoldo |e (dirección) | ||
| 910 | |a Fondo Hugo B. Margáin | ||
| 920 | |a Impresos - Libros | ||
| 930 | |a Libros Antiguos y Raros | ||
| 905 | |a 126 | ||
| 901 | |a 0500316692 |b IT2 |c LRA |i D106170 |u 20250526 | ||
| 902 | |a https://opac.biblio.iteso.mx/vufind/Record/000432802 | ||